000 00652nam a2200229Ia 4500
003 GCL
008 140319s9999 xx 000 0 ara d
040 _aGCL /
_cGCL
082 0 4 _a346.01
_bا ش
100 1 _aانور العمروسى
245 1 0 _aشرح قانون الاحوال الشخصية /
_cانور العمروسى
260 _a[S.N] :
_bدار المطبوعات الجامعية ،
_c1989
300 _a167 ص
490 _a
650 0 4 _aالقانون
650 0 4 _aالطلاق
650 0 4 _aالنفقة
650 0 4 _aالاحوال الشخصية
650 0 4 _aالزواج
650 0 4 _aالعدة
942 _2ddc
_cBK
999 _c27743
_d27743